Roof-top extension and multifamily housing refurbishment in Slovakia

Na minha lista:
Detalhes bibliográficos
Autor principal: Szekeres, Kristián, 1975- (Author)
Formato: Livro
Idioma:inglês
Publicado em: Bratislava : STU v Bratislave, 2008
Edição:1. vyd.
Assuntos:
Tags: Adicionar Tag
Sem tags, seja o primeiro a adicionar uma tag!

MARC

LEADER 00000nam a22000003a 4500
001 stu173892
005 20150617230019.8
008 081021s2008------------------------eng-d
020 |a 978-80-227-2909-3 
040 |a STU  |b slo 
041 0 |a eng 
100 1 |a Szekeres, Kristián,  |d 1975-  |4 aut  |u R2020  |9 100  |U Ostatné univerzitné pracoviská  |T Ústav manažmentu STU  |X 3537  |U R2020  |Y 232  |7 A000003537 
245 1 |a Roof-top extension and multifamily housing refurbishment in Slovakia 
250 |a 1. vyd. 
260 |a Bratislava :  |b STU v Bratislave,  |c 2008 
300 |a 30 s 
650 7 |a obnova  |2 stusub 
650 7 |a nadstavba  |2 stusub 
650 7 |a refurbishment  |2 estusub 
650 7 |a roof top extensions  |2 estusub 
996 |b 284V034210  |c V*9109/K-2247  |l VVT  |s A  |a 24  |w stu173892_0001